000 00398nam a2200157 i 4500
001 35107
003 ES-MaACL
005 20230906155045.0
007 t|
008 030212s1925 fr ||||1| fre d
100 1 _aBordeaux, Henry.
_930390
245 1 3 _aLe coeur et le sang /
_cHenry Bordeaux.
260 _aParis :
_bPlon,
_c1925.
300 _aII, 264 p. ;
_c18 cm.
852 _aES-MaACL
_jF-1592
999 _c35107
_d35107